[Event "Barranquilla Carnaval Cup"]
[Site "Barranquilla"]
[Date "2024.02.06"]
[Round "6"]
[White "Valle, Efrain"]
[Black "Guerrero Fandino, Gustavo A"]
[Result "0-1"]
[WhiteElo "1927"]
[BlackElo "2117"]
[PlyCount "98"]
[EventDate "2024.02.03"]
[EventType "swiss"]
[EventRounds "9"]
[EventCountry "COL"]
[SourceTitle "CB07_2024"]
[SourceDate "2024.02.14"]
[SourceVersion "1"]
[SourceVersionDate "2024.02.14"]
[SourceQuality "1"]

1. Nf3 Nf6 2. b3 g6 3. Bb2 Bg7 4. e4 d6 5. Bc4 0-0 6. Qe2 e5 7. Nc3 c6 8. b4 b5 9. Bb3 a5 10. bxa5 Rxa5 11. a4 b4 12. Nd1 Nbd7 13. d3 Nc5 14. Ne3 Be6 15. Nd2 d5 16. exd5 Nxd5 17. Nxd5 Bxd5 18. 0-0 Bxb3 19. Nxb3 Nxb3 20. cxb3 Qd5 21. Qd1 Rd8 22. d4 exd4 23. Qd3 Qf5 24. Qc4 Rc5 25. Qxb4 Rc2 26. Qb6 Qd5 27. Rab1 Be5 28. Qa6 Rb8 29. Bc1 Kg7 30. b4 Qd6 31. Qd3 Rc3 32. Qd2 Bxh2+ 33. Kh1 Be5 34. Qh6+ Kg8 35. Bd2 Rc2 36. Rb3 d3 37. Qe3 Rd8 38. a5 Qd5 39. Rfb1 Rc4 40. Qg5 f6 41. Qh6 g5 42. f4 Bxf4 43. Qxf6 Bxd2 44. Rxd3 Qxd3 45. Qe6+ Kg7 46. Qe7+ Kg6 47. Qe6+ Kh5 48. g4+ Rxg4 49. Qf7+ Qg6 0-1

[Event "Barranquilla Carnaval Cup"]
[Site "Barranquilla"]
[Date "2024.02.05"]
[Round "5"]
[White "Guerrero Fandino, Gustavo A"]
[Black "Zuluaga Mancilla, Cesar"]
[Result "1/2-1/2"]
[WhiteElo "2117"]
[BlackElo "2242"]
[PlyCount "217"]
[EventDate "2024.02.03"]
[EventType "swiss"]
[EventRounds "9"]
[EventCountry "COL"]
[SourceTitle "CB07_2024"]
[SourceDate "2024.02.14"]
[SourceVersion "1"]
[SourceVersionDate "2024.02.14"]
[SourceQuality "1"]

1. e4 c5 2. Nf3 e6 3. d4 cxd4 4. Nxd4 a6 5. Nc3 Qc7 6. Be2 Nf6 7. 0-0 d6 8. Be3 b5 9. a3 Bb7 10. Bd3 Nbd7 11. f4 Nc5 12. Qf3 g6 13. Rae1 Bg7 14. Bf2 0-0 15. Qh3 e5 16. Nf3 exf4 17. Qh4 Nh5 18. Nd4 Rae8 19. Be2 Nf6 20. Bf3 Nfxe4 21. Nxe4 Nxe4 22. Bxe4 Rxe4 23. Rxe4 Bxe4 24. Qxf4 Ba8 25. c3 Be5 26. Qh4 Qc4 27. Nf3 Bxf3 28. gxf3 Qe2 29. f4 Bg7 30. f5 gxf5 31. Bd4 Qg4+ 32. Qg3 Bxd4+ 33. cxd4 Rc8 34. Rxf5 Qxg3+ 35. hxg3 Rc1+ 36. Kg2 Rc2+ 37. Kf3 Rxb2 38. Rf6 Rb3+ 39. Kf4 Rxa3 40. Rxd6 a5 41. d5 Kg7 42. Rb6 b4 43. g4 b3 44. Ke5 a4 45. d6 b2 46. Rxb2 Rd3 47. Ra2 a3 48. d7 Kg6 49. Rxa3 Rxd7 50. Kf4 Rd4+ 51. Kg3 f6 52. Ra5 Re4 53. Rb5 Re5 54. Rb8 Rd5 55. Ra8 h6 56. Rg8+ Kf7 57. Rh8 Kg7 58. Rb8 Rg5 59. Kf4 Rc5 60. Ra8 Rc1 61. Rb8 Rf1+ 62. Kg3 Rh1 63. Kf4 Rh3 64. Ra8 Kf7 65. Rb8 Rh1 66. Ra8 Rc1 67. Rb8 Rc4+ 68. Kf5 Rc5+ 69. Kf4 Rd5 70. Rh8 Kg6 71. Rg8+ Kh7 72. Ra8 Kg7 73. Rb8 Rd7 74. Kf5 Rd5+ 75. Kf4 Rd1 76. Ra8 Rf1+ 77. Kg3 Rh1 78. Kg2 Rc1 79. Kg3 Rc4 80. Rb8 Re4 81. Kf3 Rd4 82. Ra8 Rd5 83. Kf4 h5 84. gxh5 Rxh5 85. Kg4 Rh1 86. Rb8 Rg1+ 87. Kf4 Rf1+ 88. Kg4 Kf7 89. Ra8 Rd1 90. Kf5 Rd5+ 91. Kf4 Rc5 92. Rb8 Rd5 93. Ke4 Rd1 94. Ra8 Rf1 95. Rb8 Kg7 96. Ra8 Kg6 97. Rg8+ Kf7 98. Ra8 f5+ 99. Ke5 Rf3 100. Rb8 Kg7 101. Ra8 Rf2 102. Rb8 Kg6 103. Rg8+ Kf7 104. Ra8 Rf1 105. Rb8 f4 106. Rb4 f3 107. Rf4+ Kg6 108. Ke4 f2 109. Ke3 1/2-1/2

[Event "Barranquilla Carnaval Cup"]
[Site "Barranquilla"]
[Date "2024.02.03"]
[Round "2"]
[White "Caicedo Anguila, Juliana Andrea"]
[Black "Guerrero Fandino, Gustavo A"]
[Result "0-1"]
[WhiteElo "1709"]
[BlackElo "2117"]
[PlyCount "72"]
[EventDate "2024.02.03"]
[EventType "swiss"]
[EventRounds "9"]
[EventCountry "COL"]
[SourceTitle "CB07_2024"]
[SourceDate "2024.02.14"]
[SourceVersion "1"]
[SourceVersionDate "2024.02.14"]
[SourceQuality "1"]

1. d4 d5 2. c4 e5 3. dxe5 d4 4. Nf3 Nc6 5. a3 Bg4 6. Nbd2 Qe7 7. Qb3 0-0-0 8. e3 Nxe5 9. Be2 Nc6 10. 0-0 dxe3 11. Qxe3 Qxe3 12. fxe3 Nf6 13. b4 Re8 14. Kf2 a5 15. b5 Ne7 16. Bd3 Nf5 17. Nb3 Ne4+ 18. Kg1 Nc5 19. Nxc5 Bxc5 20. Kh1 Nxe3 21. Re1 Nf5 22. Bb2 f6 23. h3 Ng3+ 24. Kh2 Bxf3 25. Kxg3 Bh5 26. Bc3 b6 27. Kh2 Rxe1 28. Bf5+ Kb8 29. Bxe1 Bg6 30. Be6 Re8 31. Bd7 Re2 32. Bg4 Bd6+ 33. Bg3 Re3 34. Bxd6 cxd6 35. Rd1 Kc7 36. Rd2 Bf7 0-1

[Event "COL-chT"]
[Site "Medellin"]
[Date "2021.12.11"]
[Round "5.1"]
[White "Arenas Vanegas, David"]
[Black "Guerrero Fandino, Gustavo A"]
[Result "1-0"]
[WhiteElo "2456"]
[BlackElo "2131"]
[PlyCount "79"]
[EventDate "2021.12.09"]
[EventType "team-swiss"]
[EventRounds "6"]
[EventCountry "COL"]
[SourceTitle "CBM 205 Extra"]
[Source "ChessBase"]
[SourceDate "2022.01.31"]
[SourceVersion "1"]
[SourceVersionDate "2022.01.31"]
[SourceQuality "1"]
[WhiteTeam "Liga de Antioquia"]
[BlackTeam "Liga Atlantico Abs"]
[WhiteTeamCountry "COL"]
[BlackTeamCountry "COL"]

1. e4 c5 2. Nf3 d6 3. Nc3 Nf6 4. d4 cxd4 5. Nxd4 a6 6. f4 e6 7. Be2 Be7 8. Be3 Qc7 9. 0-0 b5 10. Bf3 Bb7 11. e5 dxe5 12. Bxb7 Qxb7 13. fxe5 Nd5 14. Qf3 0-0 15. Rad1 Bc5 16. Nf5 Bxe3+ 17. Nxe3 Nc6 18. Ncxd5 exd5 19. Rxd5 Ne7 20. Rd6 Qxf3 21. Rxf3 Rfd8 22. Rf4 Ng6 23. Re4 Nf8 24. a4 Rdb8 25. axb5 Rxb5 26. b3 Ne6 27. Rd5 Rc8 28. Rxb5 axb5 29. Kf2 Kf8 30. Ke2 Rc5 31. b4 Rc8 32. c4 Nc7 33. Rd4 Ke7 34. Kd3 Ke6 35. Ke4 g6 36. Rd6+ Ke7 37. c5 Ra8 38. Nd5+ Nxd5 39. Kxd5 Ra4 40. c6 1-0

[Event "COL-chT"]
[Site "Medellin"]
[Date "2021.12.11"]
[Round "6.1"]
[White "Osorio, Cristhian Camilo"]
[Black "Guerrero Fandino, Gustavo A"]
[Result "1/2-1/2"]
[WhiteElo "2185"]
[BlackElo "2131"]
[PlyCount "35"]
[EventDate "2021.12.09"]
[EventType "team-swiss"]
[EventRounds "6"]
[EventCountry "COL"]
[SourceTitle "CBM 205 Extra"]
[Source "ChessBase"]
[SourceDate "2022.01.31"]
[SourceVersion "1"]
[SourceVersionDate "2022.01.31"]
[SourceQuality "1"]
[WhiteTeam "Antioquia Polijic"]
[BlackTeam "Liga Atlantico Abs"]
[WhiteTeamCountry "COL"]
[BlackTeamCountry "COL"]

1. f4 g6 2. Nf3 Bg7 3. Nc3 d5 4. e3 Nf6 5. b3 c5 6. Bb2 Nc6 7. Bb5 Bg4 8. h3 Bxf3 9. Qxf3 Ne4 10. 0-0-0 Nxc3 11. dxc3 Qa5 12. c4 0-0 13. Bxc6 bxc6 14. cxd5 Qxa2 15. Bxg7 Kxg7 16. e4 cxd5 17. exd5 Kg8 18. Qc3 1/2-1/2

[Event "COL-chT"]
[Site "Medellin"]
[Date "2021.12.10"]
[Round "3.1"]
[White "Guerrero Fandino, Gustavo A"]
[Black "Hernandez, Jeronimo"]
[Result "1/2-1/2"]
[WhiteElo "2131"]
[BlackElo "2119"]
[PlyCount "96"]
[EventDate "2021.12.09"]
[EventType "team-swiss"]
[EventRounds "6"]
[EventCountry "COL"]
[SourceTitle "CBM 205 Extra"]
[Source "ChessBase"]
[SourceDate "2022.01.31"]
[SourceVersion "1"]
[SourceVersionDate "2022.01.31"]
[SourceQuality "1"]
[WhiteTeam "Liga Atlantico Abs"]
[BlackTeam "Cundinamarca"]
[WhiteTeamCountry "COL"]
[BlackTeamCountry "COL"]

1. e4 c6 2. Nf3 d5 3. e5 c5 4. Bb5+ Bd7 5. Qe2 Bxb5 6. Qxb5+ Nd7 7. e6 fxe6 8. Qxb7 Qc8 9. Qxc8+ Rxc8 10. 0-0 e5 11. d3 e6 12. Re1 Bd6 13. c4 Kf8 14. b3 Ngf6 15. Nbd2 Ke7 16. Bb2 d4 17. Ne4 Rhf8 18. Bc1 Nxe4 19. Rxe4 h6 20. Bd2 Rf5 21. Re2 Rcf8 22. Be1 Rh5 23. h3 Rxh3 24. gxh3 Rxf3 25. Kg2 Rxd3 26. f3 Nf6 27. Rd2 Rxd2+ 28. Bxd2 e4 29. fxe4 Nxe4 30. Be1 e5 31. a3 Nf6 32. b4 e4 33. b5 Nd7 34. a4 Kd8 35. Bg3 Be5 36. a5 Kc8 37. Rf1 e3 38. Bxe5 Nxe5 39. Rf5 d3 40. Kf1 d2 41. Ke2 Nd3 42. h4 g6 43. Rf8+ Kd7 44. Rf7+ Kd6 45. Rf6+ Kc7 46. Rf7+ Kc8 47. Rf8+ Kc7 48. Rf7+ Kc8 1/2-1/2

[Event "COL-chT"]
[Site "Medellin"]
[Date "2021.12.09"]
[Round "2.1"]
[White "Carrillo Parra, Miguel Alfredo"]
[Black "Guerrero Fandino, Gustavo A"]
[Result "1-0"]
[WhiteElo "2168"]
[BlackElo "2131"]
[PlyCount "61"]
[EventDate "2021.12.09"]
[EventType "team-swiss"]
[EventRounds "6"]
[EventCountry "COL"]
[SourceTitle "CBM 205 Extra"]
[Source "ChessBase"]
[SourceDate "2022.01.31"]
[SourceVersion "1"]
[SourceVersionDate "2022.01.31"]
[SourceQuality "1"]
[WhiteTeam "Atlantico Quintal"]
[BlackTeam "Liga Atlantico Abs"]
[WhiteTeamCountry "COL"]
[BlackTeamCountry "COL"]

1. d4 Nf6 2. Nf3 g6 3. c4 Bg7 4. Nc3 0-0 5. e4 d6 6. Be2 e5 7. Be3 exd4 8. Nxd4 Nbd7 9. 0-0 Nc5 10. Qc2 Re8 11. f3 a5 12. Rfd1 Nh5 13. Ndb5 Ne6 14. Qd2 Qh4 15. Bf2 Qe7 16. Nd5 Qd8 17. c5 Bd7 18. cxd6 Bxb5 19. Bxb5 c6 20. Ne7+ Kh8 21. Nxc6 bxc6 22. Bxc6 Rb8 23. Bxe8 Rxb2 24. Qe1 Qg5 25. h4 Qf4 26. Qe3 Qf6 27. Rab1 Nhf4 28. Rxb2 Qxb2 29. Qd2 Qa3 30. Bxf7 Bh6 31. Bxe6 1-0

[Event "Medellin Raza op"]
[Site "Medellin"]
[Date "2021.10.09"]
[Round "6"]
[White "Zabala, Fidel"]
[Black "Guerrero Fandino, Gustavo A"]
[Result "0-1"]
[WhiteElo "1929"]
[BlackElo "2118"]
[PlyCount "63"]
[EventDate "2021.10.06"]
[EventType "swiss"]
[EventRounds "9"]
[EventCountry "COL"]
[SourceTitle "EXT 2023"]
[Source "ChessBase"]
[SourceDate "2022.10.05"]
[SourceVersion "1"]
[SourceVersionDate "2022.10.05"]
[SourceQuality "1"]

1. e4 c5 2. Nf3 d6 3. d4 cxd4 4. Nxd4 Nf6 5. Nc3 a6 6. f3 e5 7. Nb3 Be7 8. Be3 Be6 9. Qd2 0-0 10. 0-0-0 a5 11. a4 Na6 12. Kb1 Qb8 13. g4 Nc7 14. Bb6 Rc8 15. Bxa5 Bxb3 16. Bxc7 Bxc2+ 17. Qxc2 Qxc7 18. Bb5 Nd7 19. Qb3 Nc5 20. Qc4 Qd8 21. Qb4 Ne6 22. Nd5 Nd4 23. Bd3 Rc5 24. f4 Bf8 25. Rhf1 Rca5 26. Nc3 d5 27. Qxb7 Rb8 28. Qxd5 Rxd5 29. exd5 Qa5 30. Ne4 Bb4 31. Rf2 exf4 32. Ng5 0-1

[Event "Medellin Raza op"]
[Site "Medellin"]
[Date "2021.10.07"]
[Round "3"]
[White "Guerrero Fandino, Gustavo A"]
[Black "Marin, Sebastian"]
[Result "1-0"]
[WhiteElo "2118"]
[BlackElo "2327"]
[PlyCount "71"]
[EventDate "2021.10.06"]
[EventType "swiss"]
[EventRounds "9"]
[EventCountry "COL"]
[SourceTitle "EXT 2023"]
[Source "ChessBase"]
[SourceDate "2022.10.05"]
[SourceVersion "1"]
[SourceVersionDate "2022.10.05"]
[SourceQuality "1"]

1. e4 c5 2. Nf3 d6 3. d4 cxd4 4. Nxd4 Nf6 5. Nc3 g6 6. Be3 Bg7 7. f3 Nc6 8. Qd2 0-0 9. 0-0-0 Bd7 10. Bc4 Rc8 11. Bb3 Ne5 12. g4 Nc4 13. Bxc4 Rxc4 14. Kb1 Qc7 15. h4 Rc8 16. h5 b5 17. hxg6 fxg6 18. Nd5 Nxd5 19. exd5 h5 20. Qd3 Rb4 21. a3 Rxb2+ 22. Kxb2 hxg4 23. Qxg6 Qc3+ 24. Kb1 Qxe3 25. Rhe1 Qh6 26. Qxh6 Bxh6 27. Rxe7 Be8 28. fxg4 a5 29. Nf5 Bf8 30. Nxd6 Bxe7 31. Nxc8 Bxa3 32. d6 Bd7 33. Nb6 Bxg4 34. Rg1 Kf7 35. Rxg4 Bxd6 36. Rg5 1-0

[Event "Maicao op"]
[Site "Maicao"]
[Date "2012.10.14"]
[Round "6"]
[White "Guerrero Fandino, Gustavo A"]
[Black "Andrade Truyol, Geiner Jose"]
[Result "1-0"]
[WhiteElo "2118"]
[BlackElo "1923"]
[PlyCount "43"]
[EventDate "2012.10.13"]
[EventType "swiss"]
[EventRounds "6"]
[EventCountry "COL"]
[SourceTitle "EXT 2013"]
[Source "ChessBase"]
[SourceDate "2012.11.22"]
[SourceVersion "1"]
[SourceVersionDate "2012.11.22"]
[SourceQuality "1"]

1. e4 c5 2. Nf3 d6 3. d4 cxd4 4. Nxd4 Nf6 5. Nc3 a6 6. Be2 e6 7. 0-0 Be7 8. Be3 0-0 9. f4 Qc7 10. Bf3 b6 11. a4 Bb7 12. Qe2 Nc6 13. Nxc6 Bxc6 14. Bd4 Nd7 15. Rad1 Qb7 16. Kh1 Rfe8 17. b4 b5 18. axb5 axb5 19. f5 e5 20. Bf2 Ra3 21. Rd3 Rea8 22. Rfd1 1-0

[Event "Bogota McGregor op 1st"]
[Site "Bogota"]
[Date "2010.12.08"]
[Round "7"]
[White "Guerrero Fandino, Gustavo A"]
[Black "Lopez Hernandez, Carlos Manuel"]
[Result "0-1"]
[WhiteElo "2113"]
[BlackElo "2310"]
[PlyCount "44"]
[EventDate "2010.12.03"]
[EventType "swiss"]
[EventRounds "10"]
[EventCountry "COL"]
[SourceTitle "CBM 139 Extra"]
[Source "ChessBase"]
[SourceDate "2011.01.05"]
[SourceVersion "1"]
[SourceVersionDate "2011.01.05"]
[SourceQuality "1"]

1. e4 e5 2. Nf3 Nc6 3. Bc4 Nf6 4. Ng5 d5 5. exd5 Na5 6. Bb5+ c6 7. dxc6 bxc6 8. Be2 h6 9. Nf3 e4 10. Ne5 Bd6 11. d4 exd3 12. Nxd3 Qc7 13. g3 0-0 14. 0-0 Bh3 15. Re1 Rad8 16. Bf1 Bxf1 17. Kxf1 c5 18. Qf3 Nc6 19. Be3 c4 20. Nf4 Ne5 21. Qg2 Nfg4 22. Bd4 Nf3 0-1

[Event "Bogota McGregor op 1st"]
[Site "Bogota"]
[Date "2010.12.07"]
[Round "8"]
[White "Castillo Forero, Daniel A"]
[Black "Guerrero Fandino, Gustavo A"]
[Result "0-1"]
[WhiteElo "1991"]
[BlackElo "2113"]
[PlyCount "52"]
[EventDate "2010.12.03"]
[EventType "swiss"]
[EventRounds "10"]
[EventCountry "COL"]
[SourceTitle "CBM 139 Extra"]
[Source "ChessBase"]
[SourceDate "2011.01.05"]
[SourceVersion "1"]
[SourceVersionDate "2011.01.05"]
[SourceQuality "1"]

1. e4 c5 2. Nf3 d6 3. d3 g6 4. g3 Bg7 5. Bg2 e6 6. 0-0 Nc6 7. c3 Nge7 8. Re1 0-0 9. Nbd2 Rb8 10. Nf1 b5 11. a3 a5 12. Ne3 h6 13. e5 Nxe5 14. Nxe5 dxe5 15. Ng4 Kh7 16. Nxe5 Bb7 17. Bxb7 Rxb7 18. Qf3 Qd5 19. Kg2 Rd8 20. c4 Qxf3+ 21. Kxf3 Nf5 22. Nc6 Rxd3+ 23. Ke4 bxc4 24. Rb1 Nxg3+ 25. hxg3 f5+ 26. Kf4 g5# 0-1

[Event "Bogota McGregor op 1st"]
[Site "Bogota"]
[Date "2010.12.06"]
[Round "6"]
[White "Espinosa, Julio Manuel"]
[Black "Guerrero Fandino, Gustavo A"]
[Result "1/2-1/2"]
[WhiteElo "2300"]
[BlackElo "2113"]
[PlyCount "39"]
[EventDate "2010.12.03"]
[EventType "swiss"]
[EventRounds "10"]
[EventCountry "COL"]
[SourceTitle "CBM 139 Extra"]
[Source "ChessBase"]
[SourceDate "2011.01.05"]
[SourceVersion "1"]
[SourceVersionDate "2011.01.05"]
[SourceQuality "1"]

1. e4 c5 2. Nf3 d6 3. c3 Nf6 4. Be2 Nc6 5. d3 g6 6. 0-0 Bg7 7. Re1 0-0 8. Bf1 Qc7 9. h3 b6 10. d4 Bb7 11. d5 Ne5 12. Nxe5 dxe5 13. a4 Ne8 14. Na3 Nd6 15. Nb5 Qd7 16. Nxd6 exd6 17. a5 Qc7 18. c4 f5 19. Bd3 f4 20. Be2 1/2-1/2

[Event "Bogota McGregor op 1st"]
[Site "Bogota"]
[Date "2010.12.04"]
[Round "4"]
[White "Ortegon Villacorte, Linda Daniela"]
[Black "Guerrero Fandino, Gustavo A"]
[Result "0-1"]
[WhiteElo "1784"]
[BlackElo "2113"]
[PlyCount "68"]
[EventDate "2010.12.03"]
[EventType "swiss"]
[EventRounds "10"]
[EventCountry "COL"]
[SourceTitle "CBM 139 Extra"]
[Source "ChessBase"]
[SourceDate "2011.01.05"]
[SourceVersion "1"]
[SourceVersionDate "2011.01.05"]
[SourceQuality "1"]

1. e4 c5 2. Nf3 d6 3. c3 g6 4. d4 cxd4 5. cxd4 Bg7 6. Be2 Nf6 7. 0-0 0-0 8. Nc3 Nbd7 9. Be3 a6 10. Rc1 b5 11. a3 Bb7 12. d5 Ng4 13. Bd4 Nge5 14. Nxe5 dxe5 15. Be3 f5 16. Qb3 Kh8 17. a4 Rb8 18. axb5 axb5 19. Bxb5 Ba6 20. f3 Nf6 21. Qa4 Bxb5 22. Nxb5 Qe8 23. Rc6 fxe4 24. Nc7 Qd7 25. fxe4 Qg4 26. Qc2 Nd7 27. Rxf8+ Nxf8 28. Ne6 Ra8 29. b4 Ra1+ 30. Kf2 Qh4+ 31. Ke2 Qe1+ 32. Kf3 Ra3 33. Qe2 Qh4 34. Nxg7 Qf4# 0-1

[Event "Bogota op 4th"]
[Site "Bogota"]
[Date "2009.10.30"]
[Round "2"]
[White "Univio Sanchez, German"]
[Black "Guerrero Fandino, Gustavo A"]
[Result "1-0"]
[WhiteElo "2003"]
[BlackElo "2143"]
[PlyCount "50"]
[EventDate "2009.10.29"]
[EventType "swiss"]
[EventRounds "9"]
[EventCountry "COL"]
[SourceTitle "EXT 2010"]
[Source "ChessBase"]
[SourceDate "2010.11.25"]
[SourceVersion "1"]
[SourceVersionDate "2010.11.25"]
[SourceQuality "1"]

1. e4 c5 2. Nc3 e6 3. Nf3 Nc6 4. d4 cxd4 5. Nxd4 Nf6 6. Ndb5 d6 7. Bf4 e5 8. Bg5 a6 9. Na3 b5 10. Nd5 Be7 11. Bxf6 gxf6 12. Bd3 Be6 13. c3 f5 14. Qh5 f4 15. g3 Bf6 16. gxf4 Bxd5 17. exd5 Ne7 18. fxe5 Bxe5 19. f4 Bf6 20. Nc2 Qb6 21. Qh6 Ng8 22. Qh3 b4 23. Nxb4 a5 24. Nc6 Kf8 25. 0-0-0 Rc8 1-0

[Event "Paipa Intercol Nacional B"]
[Site "Paipa"]
[Date "2009.08.12"]
[Round "3.1"]
[White "Guerrero Fandino, Gustavo A"]
[Black "Silva, John Hansen"]
[Result "1-0"]
[WhiteElo "2131"]
[BlackElo "1997"]
[PlyCount "55"]
[EventDate "2009.08.08"]
[EventType "swiss"]
[EventRounds "5"]
[EventCountry "COL"]
[SourceTitle "EXT 2024"]
[Source "ChessBase"]
[SourceDate "2023.10.10"]
[SourceVersion "1"]
[SourceVersionDate "2023.10.10"]
[SourceQuality "1"]

1. e4 d6 2. d4 e5 3. Nf3 exd4 4. Nxd4 Nf6 5. Nc3 Be7 6. Be2 0-0 7. 0-0 Be6 8. f4 c5 9. Nxe6 fxe6 10. Bc4 Kh8 11. Bxe6 Nc6 12. Be3 a6 13. a4 Qb6 14. Rb1 Qb4 15. Qd3 Rad8 16. Kh1 Nd4 17. Bc4 Nc6 18. Bd5 Ng4 19. Bg1 Rf6 20. Qh3 Nh6 21. Bb3 Rff8 22. Nd5 Qd2 23. Be3 Qe2 24. f5 Bf6 25. Bxh6 gxh6 26. Qxh6 Bg7 27. Qh4 Rg8 28. Nf4 1-0

[Event "Medellin GP Feria de Flores"]
[Site "Medellin"]
[Date "2009.08.05"]
[Round "6.1"]
[White "Guerrero Fandino, Gustavo A"]
[Black "Franco Valencia, Angela Maria"]
[Result "1-0"]
[WhiteElo "2131"]
[BlackElo "2182"]
[PlyCount "51"]
[EventDate "2009.08.05"]
[EventType "swiss"]
[EventRounds "9"]
[EventCountry "COL"]
[SourceTitle "EXT 2024"]
[Source "ChessBase"]
[SourceDate "2023.10.10"]
[SourceVersion "1"]
[SourceVersionDate "2023.10.10"]
[SourceQuality "1"]

1. e4 e5 2. Nf3 Nc6 3. d4 exd4 4. Nxd4 Bc5 5. Nf5 Qf6 6. Nc3 Nge7 7. Ne3 d6 8. Be2 Be6 9. 0-0 Bxe3 10. Bxe3 Qh4 11. f4 f5 12. Nd5 0-0-0 13. Bf2 Qh6 14. Nxe7+ Nxe7 15. exf5 Bxf5 16. Bxa7 b6 17. Qd4 Kb7 18. Qa4 Ra8 19. Qa6+ Kc6 20. Bb5+ Kd5 21. Qb7+ Ke6 22. Rfe1+ Kf7 23. Qxc7 Qf6 24. Bc4+ Kf8 25. Qxb6 Nc8 26. Qc6 1-0

[Event "Central America Carribean-ch U20"]
[Site "Medellin"]
[Date "2009.08.02"]
[Round "6"]
[White "Guerrero Fandino, Gustavo A"]
[Black "Bassan, Remo"]
[Result "0-1"]
[WhiteElo "2131"]
[BlackElo "2160"]
[PlyCount "21"]
[EventDate "2009.07.30"]
[EventType "swiss"]
[EventRounds "9"]
[EventCountry "COL"]
[SourceTitle "CBM 131 Extra"]
[Source "ChessBase"]
[SourceDate "2009.09.03"]
[SourceVersion "2"]
[SourceVersionDate "2009.09.16"]
[SourceQuality "1"]

1. e4 c5 2. c3 d5 3. exd5 Qxd5 4. d4 Nf6 5. Nf3 e6 6. Na3 a6 7. Nc4 Nbd7 8. Be3 b5 9. Nce5 Nxe5 10. Nxe5 Bb7 11. dxc5 0-1

[Event "Central America Carribean-ch U20"]
[Site "Medellin"]
[Date "2009.07.31"]
[Round "3"]
[White "Lopez Idarraga, Daniel Eduardo"]
[Black "Guerrero Fandino, Gustavo A"]
[Result "0-1"]
[WhiteElo "1992"]
[BlackElo "2131"]
[PlyCount "44"]
[EventDate "2009.07.30"]
[EventType "swiss"]
[EventRounds "9"]
[EventCountry "COL"]
[SourceTitle "CBM 131 Extra"]
[Source "ChessBase"]
[SourceDate "2009.09.03"]
[SourceVersion "2"]
[SourceVersionDate "2009.09.16"]
[SourceQuality "1"]

1. d4 Nf6 2. c4 g6 3. Nc3 Bg7 4. e4 d6 5. f4 0-0 6. Nf3 Na6 7. Be2 c5 8. d5 e6 9. 0-0 exd5 10. cxd5 Nc7 11. Nd2 Nfe8 12. a4 f5 13. Nc4 fxe4 14. Nxe4 Bf5 15. Bf3 Qd7 16. Bd2 Nxd5 17. Nexd6 Nxd6 18. Bxd5+ Nf7 19. Bc3 Rad8 20. Bxg7 Kxg7 21. Bf3 Bd3 22. Be2 Qd4+ 0-1

[Event "COL-ch U18"]
[Site "Bogota"]
[Date "2008.12.21"]
[Round "7.6"]
[White "Martinez Romero, Martin"]
[Black "Guerrero Fandino, Gustavo A"]
[Result "0-1"]
[WhiteElo "2027"]
[BlackElo "2111"]
[PlyCount "76"]
[EventDate "2008.12.18"]
[EventType "swiss"]
[EventRounds "7"]
[EventCountry "COL"]
[SourceTitle "EXT 2024"]
[Source "ChessBase"]
[SourceDate "2023.10.10"]
[SourceVersion "1"]
[SourceVersionDate "2023.10.10"]
[SourceQuality "1"]

1. e4 d6 2. d4 e5 3. Nf3 Nd7 4. Bc4 g6 5. dxe5 dxe5 6. Nc3 c6 7. Bg5 Qc7 8. h4 h6 9. Be3 Ngf6 10. Nd2 b5 11. Bb3 a5 12. a3 a4 13. Ba2 Nb6 14. Qf3 Bg7 15. Bc5 Nbd7 16. Be3 Nf8 17. 0-0 Qe7 18. b4 axb3 19. Nxb3 Ne6 20. Bc1 0-0 21. Ne2 c5 22. Nd2 c4 23. Bb2 Qc5 24. Qc3 Nh5 25. Nf3 Bd7 26. Rab1 Bc6 27. Nxe5 Bxe4 28. Rbe1 Rfe8 29. Nc1 f5 30. Ncd3 Qa7 31. Nb4 Nef4 32. Qe3 Qxe3 33. Rxe3 Nxg2 34. Rxe4 fxe4 35. Nbc6 Nxh4 36. Rd1 Bxe5 37. Nxe5 Rxe5 38. Bxe5 Nf3+ 0-1

[Event "COL-ch U18"]
[Site "Bogota"]
[Date "2008.12.20"]
[Round "5.7"]
[White "Guerrero Fandino, Gustavo A"]
[Black "Mendez Rivera, Anderson Heribert"]
[Result "1-0"]
[WhiteElo "2111"]
[BlackElo "1939"]
[PlyCount "80"]
[EventDate "2008.12.18"]
[EventType "swiss"]
[EventRounds "7"]
[EventCountry "COL"]
[SourceTitle "EXT 2024"]
[Source "ChessBase"]
[SourceDate "2023.10.10"]
[SourceVersion "1"]
[SourceVersionDate "2023.10.10"]
[SourceQuality "1"]

1. e4 c5 2. c3 Nf6 3. e5 Nd5 4. Nf3 e6 5. d4 cxd4 6. c4 Nc7 7. Bg5 Be7 8. Bxe7 Qxe7 9. Qxd4 Qb4+ 10. Qc3 Nc6 11. Bd3 0-0 12. 0-0 Qxc3 13. Nxc3 f6 14. exf6 gxf6 15. Rad1 f5 16. Rfe1 b6 17. Bb1 Rd8 18. Nb5 Nxb5 19. cxb5 Nb4 20. Rxe6 dxe6 21. Rxd8+ Kf7 22. a3 Nd5 23. Ng5+ Ke7 24. Rh8 Kf6 25. h4 Bb7 26. Rxh7 Rc8 27. Ba2 Rc1+ 28. Kh2 Nc7 29. Nxe6 Nxe6 30. Bxe6 Be4 31. Bd7 Rc7 32. Rh6+ Ke5 33. Bc6 Bd3 34. Rh8 a6 35. Rb8 axb5 36. Rxb6 Rh7 37. Bxb5 Rxh4+ 38. Kg1 Be4 39. f3 Bd5 40. Bd3 Rh8 1-0

[Event "Pan American-ch U16 24th"]
[Site "Villa Carlos Paz"]
[Date "2008.07.04"]
[Round "7"]
[White "Guerrero Fandino, Gustavo A"]
[Black "Tanaka, Christian T"]
[Result "1/2-1/2"]
[WhiteElo "1945"]
[BlackElo "2098"]
[PlyCount "77"]
[EventDate "2008.06.30"]
[EventType "swiss"]
[EventRounds "9"]
[EventCountry "ARG"]
[SourceTitle "EXT 2022"]
[Source "ChessBase"]
[SourceDate "2021.10.06"]
[SourceVersion "1"]
[SourceVersionDate "2021.10.06"]
[SourceQuality "1"]

1. e4 d5 2. exd5 Nf6 3. Nf3 Qxd5 4. Nc3 Qa5 5. d4 Bg4 6. h3 Bh5 7. Be2 Nc6 8. a3 0-0-0 9. Be3 Ne4 10. 0-0 Nxc3 11. bxc3 Qxc3 12. Qb1 Bg6 13. Qb5 a6 14. Qg5 Qxc2 15. Bxa6 bxa6 16. Rfc1 Qa4 17. d5 Na5 18. Bb6 Rd7 19. Ne5 Nb3 20. Nxd7 Nxc1 21. Rxc1 Qxd7 22. Rxc7+ Qxc7 23. Bxc7 Kxc7 24. Qe5+ Kd7 25. Qb8 Be4 26. Qe5 Bg6 27. Qb8 Be4 28. Qb7+ Kd6 29. Qxa6+ Ke5 30. Qe2 Kxd5 31. Qd2+ Ke6 32. Qd4 Bd5 33. Qb6+ Kd7 34. Qa7+ Ke6 35. Qa6+ Ke5 36. Qe2+ Kd6 37. Qa6+ Bc6 38. Qd3+ Kc7 39. Qg3+ 1/2-1/2